Valtiot joista on tullut avaruuslentäjiä - Statistics

Yleistilastot
  • Tätä visaa on pelattu 46 kertaa
    25 viimeisimmän päivityksen jälkeen
  • Keskiarvotulos 33 / 48
Vastaustilastot
Manner Valtio Ensilento % Oikein
Eurooppa Italia 1992
100%
Eurooppa Ranska 1982
100%
Eurooppa Saksa 1978
100%
Eurooppa Venäjä 1961
100%
Amerikka Yhdysvallat 1961
100%
Aasia Japani 1990
94%
Amerikka Kanada 1984
94%
Aasia Kiina 2003
94%
Amerikka Meksiko 1985
94%
Eurooppa Sveitsi 1992
94%
Amerikka Brasilia 2006
89%
Aasia Intia 1984
89%
Eurooppa Ruotsi 2006
89%
Oseania Australia 2021
83%
Eurooppa Espanja 1998
83%
Aasia Etelä-Korea 2008
83%
Eurooppa Puola 1978
83%
Eurooppa Romania 1981
78%
Eurooppa Yhdistynyt Kuningaskunta 1991
78%
Eurooppa Alankomaat 1985
72%
Eurooppa Belgia 1992
72%
Eurooppa Itävalta 1991
72%
Eurooppa Portugali 2022
72%
Eurooppa Tšekki 1978
72%
Eurooppa Ukraina 1997
72%
Afrikka Etelä-Afrikka 2002
67%
Aasia Iran 2006
67%
Aasia Pakistan 2023
67%
Aasia Saudi-Arabia 1985
67%
Eurooppa Slovakia 1999
67%
Eurooppa Unkari 1979
67%
Eurooppa Valko-Venäjä 1973
67%
Aasia Vietnam 1980
67%
Eurooppa Bulgaria 1979
61%
Eurooppa Tanska 2015
61%
Afrikka Egypti 2022
56%
Aasia Israel 2003
56%
Aasia Kazakstan 2015
56%
Amerikka Kuuba 1980
50%
Aasia Mongolia 1981
50%
Amerikka Peru 1997
44%
Aasia Afganistan 1988
39%
Aasia Kirgisia 1998
33%
Aasia Syyria 1987
33%
Aasia Malesia 2007
28%
Aasia Yhdistyneet Arabiemiirikunnat 2019
22%
Amerikka Costa Rica 1986
17%
Amerikka Antigua ja Barbuda 2023
11%
Ehtoja vastaavia visoja ei löytynyt
Tulosjakauma
Jokaisen tuloksen saaneiden osuus
Persentiili vastausten määrän mukaan
Tuloshistoriasi
Et ole pelannut tätä visaa sen viimeisimmän päivityksen jälkeen